Indian Science and Technology in the 18th Century Dharampal Classics Series 2 (Record no. 13897)
[ view plain ]
| 000 -LEADER | |
|---|---|
| fixed length control field | 00399nam a22001457a 4500 |
| 003 - CONTROL NUMBER IDENTIFIER | |
| control field | OSt |
| 008 - FIXED-LENGTH DATA ELEMENTS--GENERAL INFORMATION | |
| fixed length control field | 260325b |||||||| |||| 00| 0 eng d |
| 020 ## - INTERNATIONAL STANDARD BOOK NUMBER | |
| International Standard Book Number | 8175310936 |
| 082 ## - DEWEY DECIMAL CLASSIFICATION NUMBER | |
| Classification number | 509.54 DHI |
| 100 ## - MAIN ENTRY--PERSONAL NAME | |
| Personal name | DHARAMPAL |
| 245 ## - TITLE STATEMENT | |
| Title | Indian Science and Technology in the 18th Century Dharampal Classics Series 2 |
| 260 ## - PUBLICATION, DISTRIBUTION, ETC. (IMPRINT) | |
| Place of publication, distribution, etc | Bengaluru |
| Name of publisher, distributor, etc | Rashtrotthana Sahitya |
| Date of publication, distribution, etc | 2025 |
| 300 ## - PHYSICAL DESCRIPTION | |
| Extent | 299p |
| 942 ## - ADDED ENTRY ELEMENTS (KOHA) | |
| Source of classification or shelving scheme | Dewey Decimal Classification |
| Koha item type | Reference Books |
| Withdrawn status | Lost status | Source of classification or shelving scheme | Damaged status | Not for loan | Collection code | Home library | Current library | Date acquired | Source of acquisition | Currency | Cost, normal purchase price | Bill Number | Total Checkouts | Full call number | Acc. no. / Barcode | Date last seen | Uniform Resource Identifier | Actual Cost, discounted price | Bill Date | Koha item type |
|---|---|---|---|---|---|---|---|---|---|---|---|---|---|---|---|---|---|---|---|---|
| Dewey Decimal Classification | Book Club and Indian Knowledge System | PIET C-LIBRARY | PIET C-LIBRARY | 16/03/2026 | Zafaa Books and Distributors | INR | 350.00 | ZBD0499 | 509.54 DHI | K185 | 25/03/2026 | K185 | 297.50 | 16/03/2026 | Reference Books | |||||
| Dewey Decimal Classification | IKS- Indian Knowledge System | PIET C-LIBRARY | PIET C-LIBRARY | 23/03/2026 | Zaffa Books | INR | 350.00 | ZBD0591 | 509.54 DHI | 39978 | 28/03/2026 | 297.50 | 23/03/2026 | Text Books | ||||||
| Dewey Decimal Classification | IKS- Indian Knowledge System | PIET C-LIBRARY | PIET C-LIBRARY | 23/03/2026 | Zaffa Books | INR | 350.00 | ZBD0591 | 509.54 DHI | 39979 | 28/03/2026 | 297.50 | 23/03/2026 | Text Books |